000 01211nam0a2200349 i 4500
001 RU\NLR\BIBL_A\010527565
005 20260406145458.0
010 _a9785699718559
_97000
021 _aRU
_b2014-65714
_94010
035 _a(NILC)RuMoRGB-007544335
035 _a(NLR Aleph) 010527565
090 _a10242407
_c10242407
100 _a20141111d2014 dm y0rusy50 ca
101 0 _arus
102 _aRU
105 _aa|||z|||000ay
200 1 _aСтарик Хоттабыч
_e[для среднего школьного возраста]
_fЛ. Лагин
_gил. Владимира Канивца
210 _aМосква
_cЭксмо
_d2014
215 _a172, [3] с.
_cцв. ил.
_d22
225 1 _aСамые любимые книжки
333 _a6+
675 _a821.161.1-93
686 0 _aШ9(2)62=Р7-2
700 1 _4070
_7ca
_8rus
_aЛагин
_bЛ. И.
_f1903-1979
_gЛазарь Иосифович
_9114646
_3RU\NLR\AUTH\774669
702 1 _aКанивец
_bВ.
_gВладимир
_4440
801 0 _aRU
_bРГБ
_c20101014
_gRCR
801 2 _aRU
_bРГБ
_c20140829
_grcr
942 _cBOOK
980 _aNBR